000 00280nam a2200121Ia 4500
008 221030s9999 xx 000 0 und d
041 _aEnglish
100 _aR. K. Bansal
245 2 _aA Text Book of Organic Chemistry
_cby R. K. Bansal
260 _c0
650 _aB
942 _cBK
999 _c9469
_d9469